<?xml version="1.0" encoding="UTF-8"?>
<record
    xmlns:xsi="http://www.w3.org/2001/XMLSchema-instance"
    xsi:schemaLocation="http://www.loc.gov/MARC21/slim http://www.loc.gov/standards/marcxml/schema/MARC21slim.xsd"
    xmlns="http://www.loc.gov/MARC21/slim">

  <leader>01558nam a2200349 u 4500</leader>
  <controlfield tag="001">000053736</controlfield>
  <controlfield tag="005">20200120222805.0</controlfield>
  <controlfield tag="008">130418s2000    ck a   er     000 j spa d</controlfield>
  <datafield tag="020" ind1=" " ind2=" ">
    <subfield code="a">9583007625.</subfield>
  </datafield>
  <datafield tag="043" ind1=" " ind2=" ">
    <subfield code="a">s-ck---</subfield>
  </datafield>
  <datafield tag="090" ind1=" " ind2=" ">
    <subfield code="a">AC</subfield>
    <subfield code="b">CUEfa</subfield>
  </datafield>
  <datafield tag="245" ind1="0" ind2="0">
    <subfield code="a">Cuentos fant&#xE1;sticos /</subfield>
    <subfield code="c">selecci&#xF3;n de Guido L. Tamayo S. ; ilustraciones Patricia Rodr&#xED;guez.</subfield>
  </datafield>
  <datafield tag="260" ind1=" " ind2=" ">
    <subfield code="a">Bogot&#xE1; :</subfield>
    <subfield code="b">Panamericana,</subfield>
    <subfield code="c">2000.</subfield>
  </datafield>
  <datafield tag="300" ind1=" " ind2=" ">
    <subfield code="a">167 p. :</subfield>
    <subfield code="b">il.</subfield>
  </datafield>
  <datafield tag="490" ind1="0" ind2=" ">
    <subfield code="a">Colecci&#xF3;n el pozo y el p&#xE9;ndulo</subfield>
  </datafield>
  <datafield tag="500" ind1=" " ind2=" ">
    <subfield code="a">Ej.1 de Mosquera donado por la Biblioteca Nacional - PNLB 2012.</subfield>
  </datafield>
  <datafield tag="505" ind1="0" ind2=" ">
    <subfield code="t">La poci&#xF3;n de Lao-Ts&#xE9; /</subfield>
    <subfield code="r">Richard Garnett ;</subfield>
    <subfield code="t">La nariz /</subfield>
    <subfield code="r">Nikolai Gogol ;</subfield>
    <subfield code="t">El beso /</subfield>
    <subfield code="r">Tomasso Landolfi ;</subfield>
    <subfield code="t">El guardaguja /</subfield>
    <subfield code="r">Juan Jos&#xE9; Arreola ;</subfield>
    <subfield code="t">Las dos Chelitas /</subfield>
    <subfield code="r">Julio Garmendia ;</subfield>
    <subfield code="t">Nosferatu /</subfield>
    <subfield code="r">Griselda Gambaro ;</subfield>
    <subfield code="t">En memoria de Paulina /</subfield>
    <subfield code="r">Adolfo Bioy Casares ;</subfield>
    <subfield code="t">La mu&#xF1;eca menor /</subfield>
    <subfield code="r">Rosario Ferr&#xE9; ;</subfield>
    <subfield code="t">Pesadilla en el hipot&#xE1;lamo /</subfield>
    <subfield code="r">Julio C&#xE9;sar Londo&#xF1;o.</subfield>
  </datafield>
  <datafield tag="650" ind1="2" ind2="4">
    <subfield code="a">Cuento adulto.</subfield>
  </datafield>
  <datafield tag="650" ind1="2" ind2="4">
    <subfield code="a">Cuentos fant&#xE1;sticos</subfield>
    <subfield code="v">Colecciones.</subfield>
  </datafield>
  <datafield tag="650" ind1="2" ind2="4">
    <subfield code="a">Historias de aventura.</subfield>
  </datafield>
  <datafield tag="700" ind1="1" ind2=" ">
    <subfield code="a">Tamayo S&#xE1;nchez, Guido Leonardo,</subfield>
    <subfield code="d">1955-.</subfield>
  </datafield>
  <datafield tag="700" ind1="1" ind2=" ">
    <subfield code="a">Rodr&#xED;guez, Patricia,</subfield>
    <subfield code="e">ilustrador.</subfield>
  </datafield>
  <datafield tag="700" ind1="1" ind2=" ">
    <subfield code="a">Garnett, Richard.</subfield>
  </datafield>
  <datafield tag="700" ind1="1" ind2=" ">
    <subfield code="a">G&#xF3;gol, Nikol&#xE1;i Vas&#xED;lievich,</subfield>
    <subfield code="d">1809-1852.</subfield>
  </datafield>
  <datafield tag="700" ind1="1" ind2=" ">
    <subfield code="a">Landolfi, Tomasso.</subfield>
  </datafield>
  <datafield tag="700" ind1="1" ind2=" ">
    <subfield code="a">Arreola, Juan Jos&#xE9;,</subfield>
    <subfield code="d">1918-2001.</subfield>
  </datafield>
  <datafield tag="700" ind1="1" ind2=" ">
    <subfield code="a">Garmendra, Julio,</subfield>
    <subfield code="d">1898-1977.</subfield>
  </datafield>
  <datafield tag="700" ind1="1" ind2=" ">
    <subfield code="a">Gambaro, Griselda,</subfield>
    <subfield code="d">1928-.</subfield>
  </datafield>
  <datafield tag="700" ind1="1" ind2=" ">
    <subfield code="a">Bioy Casares, Adolfo,</subfield>
    <subfield code="d">1914-1999.</subfield>
  </datafield>
  <datafield tag="700" ind1="1" ind2=" ">
    <subfield code="a">Ferr&#xE9;, Rosario,</subfield>
    <subfield code="d">1938-.</subfield>
  </datafield>
  <datafield tag="700" ind1="1" ind2=" ">
    <subfield code="a">Londo&#xF1;o, Julio C&#xE9;sar,</subfield>
    <subfield code="d">1953-.</subfield>
  </datafield>
  <datafield tag="999" ind1=" " ind2=" ">
    <subfield code="c">3751</subfield>
    <subfield code="d">3751</subfield>
  </datafield>
  <datafield tag="952" ind1=" " ind2=" ">
    <subfield code="0">0</subfield>
    <subfield code="1">0</subfield>
    <subfield code="2">ddc</subfield>
    <subfield code="4">0</subfield>
    <subfield code="7">0</subfield>
    <subfield code="8">LA</subfield>
    <subfield code="a">BPMOS</subfield>
    <subfield code="b">BPMOS</subfield>
    <subfield code="d">2020-01-20</subfield>
    <subfield code="l">1</subfield>
    <subfield code="o">AC CUEfa</subfield>
    <subfield code="p">MOS001146</subfield>
    <subfield code="r">2024-06-27</subfield>
    <subfield code="s">2024-06-26</subfield>
    <subfield code="t">ej.1</subfield>
    <subfield code="w">2020-01-20</subfield>
    <subfield code="y">BKLIT</subfield>
    <subfield code="z">Quince d&#xED;as</subfield>
  </datafield>
</record>
